Państwa z najmniejszą gęstością zaludnienia w Europie - Statystyki

Ogólne statystyki
  • Ten quiz został rozwiązany 492 razy
  • Średni wynik to 7 z 10
Statystyki odpowiedzi
Podpowiedź Odpowiedź % Poprawnych
9os./km2 Rosja
93%
14os./km2 Norwegia
92%
15os./km2 Finlandia
91%
20os./km2 Szwecja
91%
3os./km2 Islandia
88%
49os./km2 Białoruś
76%
31os./km2 Estonia
69%
37os./km2 Łotwa
69%
6os./km2h Kazachstan
29%
49os./km2 Czarnogóra
24%
Nie znaleziono quizów pasujących do podanych kryteriów
Rozkład punktacji
Procent ludzi z każdym wynikiem
Percentyl według liczby udzielonych odpowiedzi
Twoja historia wyników
Nie rozwiązałeś tego quizu